The study on pig raising of small scale in srok brseth kompong speu province, ការសិក្សាលើការចិញ្ចឹមជ្រូកជាលក្ខណៈគ្រួសារនៅស្រុកបរសេដ្ឋ ខេត្តកំពង់ស្ពឺ (Record no. 1956)

000 -LEADER
fixed length control field 00644nam a22001577a 4500
003 - CONTROL NUMBER IDENTIFIER
control field OSt
005 - DATE AND TIME OF LATEST TRANSACTION
control field 20151005161902.0
008 - FIXED-LENGTH DATA ELEMENTS--GENERAL INFORMATION
fixed length control field 151005b xxu||||| |||| 00| 0 eng d
040 ## - CATALOGING SOURCE
Transcribing agency RUA
082 ## - DEWEY DECIMAL CLASSIFICATION NUMBER
Classification number AVM HEN 2000 B071 Or.1
100 ## - MAIN ENTRY--PERSONAL NAME
9 (RLIN) 2072
Personal name HENG, LEAV.
245 ## - TITLE STATEMENT
Title The study on pig raising of small scale in srok brseth kompong speu province, ការសិក្សាលើការចិញ្ចឹមជ្រូកជាលក្ខណៈគ្រួសារនៅស្រុកបរសេដ្ឋ ខេត្តកំពង់ស្ពឺ
260 ## - PUBLICATION, DISTRIBUTION, ETC. (IMPRINT)
Place of publication, distribution, etc. Phnom Penh
Name of publisher, distributor, etc. RUA
Date of publication, distribution, etc. 2000
300 ## - PHYSICAL DESCRIPTION
Extent 57p.
Other physical details ill.
Dimensions 29cm.
942 ## - ADDED ENTRY ELEMENTS (KOHA)
Source of classification or shelving scheme
Koha item type AVM
Holdings
Price effective from Date last seen Permanent Location Not for loan Date acquired Source of classification or shelving scheme Koha item type Lost status Withdrawn status Date last checked out Total Checkouts Shelving location Damaged status Barcode Current Location Full call number
2015-10-052016-08-08Library Block B 2015-10-05 AVM  2016-08-052B071 RUA025901Library Block BAVM HEN 2000 B071 Or.1
2015-10-052019-06-25Library Block B 2015-10-05 AVM  2019-06-114B071 RUA025967Library Block BAVM HEN 2000 B071 Or.2
2015-10-052018-02-13Library Block B 2015-10-05 AVM  2018-02-091B071 RUA025752Library Block BAVM HEN 2000 B071 Or.3
2015-10-052015-10-05Library Block B 2015-10-05 AVM    B071 RUA025531Library Block BAVM HEN 2000 B071 Or.4
2015-10-052024-05-30Library Block B 2015-10-05 AVM  2024-05-164B071 RUA025603Library Block BAVM HEN 2000 B071 Or.5
មជ្ឈមណ្ឌលឯការនៃសាកលវិទ្យាល័យភូមិន្ទកសិកម្មចំការដូង

Powered by Koha